000 00393nam a2200157Ia 4500
008 230917s9999||||xx |||||||||||||| ||und||
040 _e115104
_aMAIN
041 _aEnglish
082 _a620.11 A34M
100 _aAshby, Michael F
245 0 _aMaterial selection in mechanical design
250 _a3rd ed.
260 _aNew Delhi
_bElsevier
_c2005
300 _axiv, 603 p.
942 _cBK
999 _c141204
_d141204